000
00298nam a22001337a 4500
008
190305b xxu||||| |||| 00| 0 eng d
020
_a
9781506362823
041
_a
eng
080
_a
070
100
_a
40
101
_a
MK
245
_a
Principles of Public Speaking
_c
Edwards,A
942
_2
udc
_c
BK
999
_c
54587
_d
54587